WWII Quiz - Statistics

General Stats
  • This quiz has been taken 224 times
  • The average score is 9 of 15
Answer Stats
Question Answer % Correct
Invasion of Poland 1939
90%
Normandy landings 1944
89%
What year did Hitler come into power? 1933
86%
Nuremberg trials 1945-1946
85%
What year did Germany annex Austria? 1938
79%
Battle of Stalingrad 1942-1943
75%
Munich Agreement 1938
73%
Operation Barbarossa 1941
70%
The remilitarization of the Rhineland 1936
69%
Battle of Midway 1942
66%
Kristallnacht 1938
39%
Night of the Long Knives 1934
27%
The Holocaust 1933-1945
24%
Yalta Conference 1945
24%
Anti-Comintern Pact 1936
6%
No matching quizzes found
Score Distribution
Percent of People with Each Score
Percentile by Number Answered
Your Score History
You have not taken this quiz